| 000 | 00682nam a22001697a 4500 | ||
|---|---|---|---|
| 999 |
_c15257 _d15257 |
||
| 003 | OSt | ||
| 082 | _2631.3 JAY/DE | ||
| 088 | _aT 09 | ||
| 100 |
_aJAYAN P. R _92869 |
||
| 245 | _aDevelopment and performance evaluation of a low cost water - wheel for lifting water at low heads | ||
| 260 |
_aTavanur 1992 _bKelappaji College of Agricultural Engineering and Technology |
||
| 300 | _a60 | ||
| 500 | _aDevelopment and performance evaluation of a low cost water - wheel for lifting water at low heads | ||
| 520 | _aDevelopment and performance evaluation of a low cost water - wheel for lifting water at low heads | ||
| 700 |
_aEr. M. R. Sankaranarayanan (Guide) _92868 |
||
| 942 | _cTH | ||